The Sopranos One-Off Characters - Statistics

General Stats
  • This quiz has been taken 88 times
    65 since last reset
  • The average score is 5 of 12
Answer Stats
Hint Answer % Correct
An elderly retired soldier in the DiMeo family with cancer, who comes out of retirement to kill the person who put Vito Spatafore's brother into a coma. He later crashes his car and dies after dropping his inhaler. Bobby Baccalieri Sr.
94%
Twin brother of Patsy Parisi, was promoted to acting capo after Junior Soprano was imprisoned. He was killed by Gigi Cestone on Tony Soprano's orders during Tony's war with Junior.* Philly "Spoons" Parisi
87%
An associate in the DiMeo family, nicknamed for the 1989 Mustang that he drives, known for his short temper and violence, who was killed by the person above. Mustang Sally Intile
83%
A former made man in the DiMeo family, who later became a rat and went into witness protection. He was killed by Tony in Maine. Febby Petrulio
52%
A successful rapper who meets Christopher and Adriana at a party. He later threatens to sue Hesh Rabkin to give royalties to a relative of a musician who worked with Hesh's record label. Massive Genius
42%
A retired police officer who, according to Tony, killed Christopher Moltisanti's father Dickie. He was killed by Christopher to avenge his father's death. Barry Haydu
33%
An elderly mafia hitman from Rhode Island, nicknamed "DiMaggio" because he beat a man to death with a baseball bat, who was hired by Silvio Dante and Christopher Moltisanti to kill Johnny Sacrimoni. However, the hit was called off. Lou Galina
33%
Feech La Manna's nephew, who runs a landscaping business and is later beaten by Paulie Gualtieri for taking over Sal Vitro's landscaping routes. E. Gary La Manna
31%
Johnny Soprano's former goomah. Tony meets her at his father's grave. He secures shares of a racetrack owned by Phil Leotardo and Hesh. She was also a mistress of John F. Kennedy. Fran Felstein
19%
Junior Soprano's ex-girlfriend, who he breaks up with after she talked about their relationship to a hairdresser, damaging his reputation. Bobbi Sanfillipo
15%
A patient at the Wycoff Psychiatric Center, who befriends Junior Soprano, who was sent there because of his dementia. He later attacked Junior for taking his medicine. Carter Chong
13%
Cousin of a Lupertazzi family soldier that spotted Vito Spatafore in a gay bar in New York. He later told Christopher and James Zancone, who then told Tony. Kevin Mucci
4%
No matching quizzes found
Score Distribution
Percent of People with Each Score
Percentile by Number Answered
Your Score History
You have not taken this quiz since the last reset